Think public relations / (Record no. 117454)
[ view plain ]
| 000 -LEADER | |
|---|---|
| fixed length control field | 00461nam a2200169Ia 4500 |
| 008 - FIXED-LENGTH DATA ELEMENTS--GENERAL INFORMATION | |
| fixed length control field | 140527s9999 xx 000 0 und d |
| 020 ## - INTERNATIONAL STANDARD BOOK NUMBER | |
| International Standard Book Number | 9780205857258 |
| 050 ## - LIBRARY OF CONGRESS CALL NUMBER | |
| Classification number | HM 1221 |
| Item number | .T55 2013 |
| 245 ## - TITLE STATEMENT | |
| Title | Think public relations / |
| Statement of responsibility, etc | Dennis L. Wilcox ... [et al.] |
| 250 ## - EDITION STATEMENT | |
| Edition statement | 2013 ed. |
| 260 ## - PUBLICATION, DISTRIBUTION, ETC. (IMPRINT) | |
| Place of publication, distribution, etc | Boston : |
| Name of publisher, distributor, etc | Pearson, |
| Date of publication, distribution, etc | c2013. |
| 300 ## - PHYSICAL DESCRIPTION | |
| Extent | 400 p. : |
| Other physical details | col. ill. ; |
| Dimensions | 28 cm. |
| 500 ## - GENERAL NOTE | |
| General note | Includes index. |
| 521 ## - TARGET AUDIENCE NOTE | |
| Target audience note | |
| 942 ## - ADDED ENTRY ELEMENTS (KOHA) | |
| Call number prefix | Foreign |
| Koha item type | Books |
| Withdrawn status | Lost status | Damaged status | Home library | Current library | Shelving location | Date acquired | Cost, normal purchase price | Total Checkouts | Total Renewals | Full call number | Barcode | Date last seen | Date checked out | Price effective from | Koha item type |
|---|---|---|---|---|---|---|---|---|---|---|---|---|---|---|---|
| College Library | College Library | Reserve Section | 05/28/2014 | 1531.95 | 1 | 2 | HM 1221 .T55 2013 | C18062 | 05/15/2018 | 08/11/2015 | 05/28/2014 | Books |